Name the Artist - Spotify Wrapped 2024 - Statistics

General Stats
  • This quiz has been taken 65 times
  • The average score is 27 of 100
Answer Stats
Song Title Artist % Correct
Good Luck, Babe! | HOT TO GO! | Pink Pony Club | Red Wine Supernova Chappell Roan
80%
LUNCH Billie Eilish
70%
All Things End | Jackie and Wilson | Too Sweet | Would That I Hozier
66%
pretty isn't pretty | so american | teenage dream Olivia Rodrigo
66%
End of Beginning Djo
61%
Howling | Stick Season Noah Kahan
59%
Scenes from an Italian Restaurant | Vienna Billy Joel
50%
Her Majesty (Takes 1-3) | Here, There, and Everywhere | I Saw Her Standing There | Ob-La-Di, Ob-La-Da The Beatles
48%
Cool About It | Not Strong Enough boygenius
41%
Arabella Arctic Monkeys
38%
Close To You Gracie Abrams
38%
Canyon Moon Harry Styles
36%
The Kiss Of Venus Paul McCartney & Dominic Fike
34%
Ant Pile | Babydoll | Double Negative (Skeleton Milkshake) | +4 others Dominic Fike
30%
American Teenager Ethel Cain
30%
Caught In A Blue | Hey Girl | Hold Her While You Can | +4 others Stephen Sanchez
29%
Angela | Cleopatra The Lumineers
29%
Beautiful Boy | Burn Alive | Caesar on a TV Screen | +6 others The Last Dinner Party
27%
Wicked Game Chris Isaak
21%
Brando | Hot & Heavy Lucy Dacus
20%
Paper Bag Fiona Apple
18%
Pretty Girls Reneé Rapp
18%
British Bombs | Mulholland's Dinner and Wine | Rapture Declan McKenna
14%
Next Semester twenty one pilots
14%
orange show speedway Lizzy McAlpine
13%
New Slang The Shins
13%
Don't Take the Money Bleachers
11%
Fainted Love | Lonely Dancers Conan Gray
11%
December, 1963 (Oh, What a Night) The Four Seasons
11%
UNTOUCHED Toby Gad & Johnny Orlando
11%
Crop Circles Odie Leigh
9%
Spit Of You Sam Fender
9%
Death with Dignity Sufjan Stevens
9%
Adelaide | Boyfriend | It's Alright | +6 others Johnny Orlando
7%
fun out of it Johnny Orlando & BENEE
7%
Keep Your Head Up Ben Howard
5%
Small Talk Briston Maroney
5%
Holy Chris Pureka
5%
The Bug Collector Haley Heynderickx
5%
Hospital Madison Cunningham
5%
Mary Anne Peter McPoland
5%
Soup Remi Wolf
5%
Elevation The Dare
5%
Sometimes Gerry Cinnamon
4%
Down That Road Ben Schmidt
2%
Moi c'est Camélia Jordana
2%
The Breeze Dr. Dog
2%
Crucify Your Mind Rodriguez
2%
Lovegod Sarah Kinsley
2%
Philomena The Decemberists
2%
I Dare You The Regrettes
2%
Petals on the Moon | impossible Wasia Project
2%
No matching quizzes found
Score Distribution
Percent of People with Each Score
Percentile by Number Answered
Your Score History
You have not taken this quiz